000 00251nam a22000977a 4500
082 _a920/DES
100 _aDeshpande,Vikram
_983530
245 _aVeer Savarkar A great Nationalist & Freedom Fighter
260 _aNew Delhi
_bHawk Prees
_c2022
942 _cBK
999 _c68474
_d68474